Mapa francouzské gramatiky /

Hlavní autor: Soják, Stanislav
Další autoři: Kaňková, Zdeňka
Jazyk: Čeština
Vydáno: Dubicko : Infoa, [asi 1993]
Témata:
Fyzický popis: Nestr.
Knihy
Uloženo v:
LEADER 00705nam a2200217 a 4500
001 000028389
003 CZ BrMZK
005 20110921092742.0
008 950707m19939999xr f cze d
020 |a 80-901005-9-7 
040 |a BOA001  |b cze 
080 |a 804.0-5  |2 MRF 
100 1 |a Soják, Stanislav  |7 jn20020717352 
245 1 0 |a Mapa francouzské gramatiky /  |c ..., Zdeňka Kaňková a kol. 
260 |a Dubicko :  |b Infoa,  |c [asi 1993] 
300 |a Nestr. 
700 1 |a Kaňková, Zdeňka  |7 mzk2011660713 
910 |a BOA001  |b PK-N-0030.946 
964 |a Francouzština - mluvnice - přehledy 
990 |a BK 
996 7 |b 3119993183  |c PK-N-0030.946  |l MZK  |r Sklad / do 1 hodiny  |n 3  |w 000028389  |u 000010  |a 1  |e BOA001  |j MZK50  |s A